[Event "FIDE WCC 2018"]
[Site "Khanty-Mansiysk"]
[Date "2018.11.14"]
[Round "4.7"]
[White "Muzychuk, Mariya"]
[Black "Abdumalik, Zhansaya"]
[Result "1-0"]
[WhiteElo "2545"]
[BlackElo "2473"]
[Annotator "TA"]
[PlyCount "130"]
[EventDate "2018.11.03"]
[EventType "k.o."]
[EventCountry "RUS"]
[SourceTitle "playchess.com"]
[Source "ChessBase"]
[SourceQuality "1"]

{[%evp 21,130,0,15,-26,-18,-47,-18,-16,-17,-89,-84,-101,-19,-26,138,136,368,378,403,395,389,386,361,60,334,370,620,604,572,328,359,356,435,430,432,430,520,520,576,575,538,516,589,563,634,634,634,634,615,614,602,597,591,500,631,628,628,615,758,745,741,678,725,713,712,663,585,572,806,822,766,807,790,773,759,726,635,610,724,449,695,673,841,837,797,775,734,707,2593,2421,12838,2033,1920,1585,1460,1310,1283,988,12845,12845,29984,29985,29988,29989,29988,29988,29988,29989,29990,29991,29991]} 1. e4 c5 2. Nf3 e6 3. d4 cxd4 4. Nxd4 a6 5. c4 Nf6 6. Nc3 Qc7 7. Be2 b6 8. O-O Bb7 {B41: Sicilian: Kan Variation: 5 c4} 9. Qd3 (9. f3 Be7 10. Be3 d6 11. b4 O-O 12. Qd2 Nbd7 13. Rfc1 Rac8 14. a4 Rfe8 15. a5 bxa5 16. Rxa5 {0-1 (32) Savchenko,B (2562)-Sjugirov,S (2654) Sochi 2018}) 9... d6 10. f4 Nbd7 11. Bf3 Rc8 {LiveBook: 3 Games} 12. b3 b5 $1 {[%cal Rb5c4]} 13. Bd2 $146 ({Predecessor:} 13. Bb2 bxc4 14. bxc4 Qxc4 15. Qd2 Nc5 16. Rac1 Qd3 {1-0 (42) Licardo,R (2144)-Vernacki,S (2313) Sibenik 2015}) 13... bxc4 (13... e5 {seems wilder.} 14. Nc2 bxc4 15. bxc4 exf4 16. Bxf4 Qxc4 17. Qxc4 Rxc4 18. Bd2 Bxe4 19. Ne3 Rd4) 14. bxc4 Qxc4 15. Qxc4 (15. Qe3 $1 $11 {keeps the balance.}) 15... Rxc4 $17 16. Nb3 Rc8 ({Black should try} 16... Nxe4 $17 17. Bxe4 Bxe4) 17. Rac1 $11 Be7 $2 {[#]} (17... Nc5 $11) 18. e5 $1 $36 {[%mdl 2048] Keeping Black busy.} Nd5 $2 (18... Bxf3 $16 {keeps fighting.} 19. exf6 Nxf6) 19. Nxd5 $18 Rxc1 20. Rxc1 Bxd5 21. Bxd5 exd5 22. Rc8+ Bd8 23. Ba5 ({Weaker is} 23. exd6 O-O $16) 23... Ke7 $2 (23... O-O) 24. exd6+ Kxd6 {[#] ...Bb6+ is the strong threat.} 25. Rxd8 Rxd8 26. Bxd8 Kc6 27. Kf2 Kb5 28. Ke3 Nf8 29. Be7 Nd7 30. Kd4 Nb6 31. Bc5 Na4 32. a3 a5 33. Kxd5 Nc3+ 34. Kd4 Ne2+ 35. Ke3 Nc3 {and the idea ...Kc4 leaves Black hopeful.} 36. Bf8 g6 37. Kd3 Nd1 38. Nd4+ Ka4 39. Nc6 Nf2+ 40. Kc4 Ng4 41. Ne5 Ne3+ 42. Kd3 Nxg2 43. Ke4 f5+ 44. Kf3 Ne1+ 45. Ke2 Nc2 46. Nc6 Kb5 47. Kd2 Na1 48. Nd4+ Kc4 49. Ke3 a4 50. Ne6 Nb3 (50... Kd5 $142 51. Nd4 Kc4) 51. Ng5 Na1 52. Nxh7 Nc2+ 53. Kd2 Nd4 54. Ng5 Kb3 55. Kd3 Nc2 56. Nf7 Ne1+ 57. Ke2 Nc2 58. Kd2 Nd4 59. Ne5 Ne6 60. Nxg6 Kc4 61. h4 {[%cal Bh2h4,Bh4h5,Bh5h6][%mdl 32] White mates.} Nc7 62. h5 Nd5 63. h6 Nf6 64. Bg7 Nh7 65. Nf8 Kd5 {Precision: White = 80%, Black = 50%.} 1-0

[Event "FIDE WCC 2018"]
[Site "Khanty-Mansiysk"]
[Date "2018.11.14"]
[Round "4.8"]
[White "Abdumalik, Zhansaya"]
[Black "Muzychuk, Mariya"]
[Result "1/2-1/2"]
[WhiteElo "2473"]
[BlackElo "2545"]
[Annotator "TA"]
[PlyCount "102"]
[EventDate "2018.11.03"]
[EventType "k.o."]
[EventCountry "RUS"]
[SourceTitle "playchess.com"]
[Source "ChessBase"]
[SourceQuality "1"]

{[%evp 22,102,8,18,29,1,5,0,3,-29,23,32,34,27,8,-43,101,-31,194,-23,-13,-78,-74,-96,-23,-40,87,104,99,83,77,0,0,-25,-29,-29,34,-8,0,-29,-6,-6,-10,-3,60,-184,-184,-245,-214,-204,-212,-200,-183,-176,-175,-342,-358,-547,-554,-517,-560,-560,-560,-553,-553,-553,-549,-548,-549,-542,-547,-535,-510,-520,0,-497,-494,-494,-479,-487,-425,-413,0]} 1. e4 c6 2. d4 d5 3. Nd2 dxe4 4. Nxe4 Bf5 5. Ng3 Bg6 6. h4 h6 7. Nh3 Nf6 8. Nf4 {B18: Classical Caro-Kann: 4...Bf5 sidelines} Bh7 9. Be3 e6 10. Bd3 Bxd3 11. Qxd3 Qa5+ 12. Bd2 {LiveBook: 4 Games} Qc7 13. c4 $146 ({Predecessor:} 13. O-O-O Nbd7 14. Nfh5 O-O-O 15. Qf3 {1-0 (35) Volokitin,A (2585)-Vallejo Pons,F (2662) Mainz 2003}) 13... Nbd7 14. O-O Bd6 15. Ngh5 Nxh5 (15... O-O-O $142) 16. Nxh5 $11 g6 17. Ng3 O-O-O 18. Ne4 (18. Rad1 $11) 18... Bf4 (18... Bh2+ $15 19. Kh1 f5) 19. c5 (19. Bxf4 $1 $16 Qxf4 20. Qe3) 19... Bh2+ $1 $15 20. Kh1 f5 21. Nc3 {[#]} (21. g3 $11 {keeps the balance.} fxe4 22. Qxe4) 21... Bf4 $1 $17 {White must now prevent ...Nxc5!} 22. b4 {[#]} Nf6 (22... Ne5 $1 $17 {[%mdl 512]} 23. Bxf4 (23. dxe5 Rxd3) 23... Nxd3 24. Bxc7 Kxc7) 23. b5 $1 $11 e5 (23... Ng4 $15 24. f3 Ne5 25. Bxf4 Nxd3 26. Bxc7 Kxc7 27. bxc6 Kxc6) 24. Bxf4 $16 exf4 25. bxc6 Qxc6 26. Qc4 (26. Nb5 $16 Kb8 27. Nd6) 26... Ne4 $36 {[%mdl 2048] Black fights for an advantage.} 27. Nb5 Kb8 $1 28. Rad1 Rd5 (28... Qd5 $11 29. Qb4 a6) 29. a4 {[%cal Ba2a4,Ba4a5][%mdl 32]} Rhd8 30. a5 a6 31. Nc3 Nxc3 32. Qxc3 Qf6 (32... f3 $11 33. g3 f4) 33. c6 $2 (33. Kg1 $14 {keeps the upper hand.}) 33... Qxc6 $19 34. Qb2 (34. Qd2 $142) 34... Rxa5 35. Qd2 Rad5 36. Qxf4+ Qd6 37. Qxh6 Rxd4 38. Rb1 $2 (38. Rxd4 Qxd4 39. Qg5) 38... Qf6 39. g3 (39. h5 $142 Rh8 40. Qe3) 39... Rh8 40. Qe3 {[#]} Rdxh4+ $1 {[%mdl 512]} 41. gxh4 Qxh4+ 42. Kg2 {Strongly threatening Qg3+.} Qh2+ 43. Kf3 {aiming for Qe7.} Rh3+ 44. Ke2 Rxe3+ 45. Kxe3 {[%mdl 4096] Endgame KQ-KRR} Qe5+ 46. Kd3 Qd5+ 47. Ke3 Qe5+ $2 ({Black should try} 47... a5 $19 48. Kf4 a4) 48. Kf3 $2 {[%mdl 8192]} (48. Kd3 $11 {and White is okay.} a5 49. Kc4) 48... Qe4+ 49. Kg3 Qg4+ 50. Kh2 Qh4+ 51. Kg2 Qg4+ $2 {Precision: White = 29%, Black = 48%.} (51... Qg5+ $19 52. Kh2 a5) 1/2-1/2

[Event "FIDE WCC 2018"]
[Site "Khanty-Mansiysk"]
[Date "2018.11.15"]
[Round "5.1"]
[White "Muzychuk, Mariya"]
[Black "Lagno, Kateryna"]
[Result "1/2-1/2"]
[WhiteElo "2545"]
[BlackElo "2556"]
[Annotator "TA"]
[PlyCount "46"]
[EventDate "2018.11.03"]
[EventType "k.o."]
[EventCountry "RUS"]
[SourceTitle "playchess.com"]
[Source "ChessBase"]
[SourceQuality "1"]

{[%evp 27,46,15,14,19,22,28,32,20,27,9,13,14,15,0,0,0,5,0,0,0,0]} 1. e4 e5 2. Nf3 Nc6 3. Bb5 Nf6 4. O-O Nxe4 5. Re1 Nd6 6. Nxe5 Be7 7. Bf1 Nxe5 8. Rxe5 O-O 9. d4 Bf6 10. Re1 Re8 {C67: Ruy Lopez: Berlin Defence: 4 0-0 Nxe4} 11. c3 Rxe1 12. Qxe1 c6 (12... Ne8 13. d5 c6 14. Nd2 cxd5 15. Nf3 d6 16. Be3 Nc7 17. Qd2 Bd7 18. g3 {½-½ (32) Giri,A (2780)-Caruana,F (2827) Batumi 2018}) 13. Bf4 Nf5 14. Nd2 {[%cal Bb1d2,Bd2f3,Bf3e5][%mdl 32]} d5 {LiveBook: 4 Games} 15. Nf3 {[#]} h6 $146 ({Predecessor:} 15... Nh4 16. Nxh4 Bxh4 17. Qd2 Bf5 18. Re1 Qd7 19. Bd3 Bxd3 20. Qxd3 Re8 21. Rxe8+ Qxe8 22. Qe3 Qxe3 23. Bxe3 Kf8 {½-½ (23) Zhao,J (2616)-Ma,Q (2608) Shijiazhuang 2015}) 16. Bd3 Be6 17. Qd2 Nd6 18. Qc2 Qd7 {The position is equal.} 19. Re1 Bf5 20. Ne5 Re8 21. Kf1 Bxd3+ 22. Qxd3 Bxe5 23. Rxe5 Rxe5 1/2-1/2

[Event "FIDE WCC 2018"]
[Site "Khanty-Mansiysk"]
[Date "2018.11.15"]
[Round "5.1"]
[White "Kosteniuk, Alexandra"]
[Black "Ju, Wenjun"]
[Result "0-1"]
[WhiteElo "2543"]
[BlackElo "2568"]
[Annotator "TA"]
[PlyCount "154"]
[EventDate "2018.11.03"]
[EventType "k.o."]
[EventCountry "RUS"]
[SourceTitle "playchess.com"]
[Source "ChessBase"]
[SourceQuality "1"]

{[%evp 18,154,11,0,15,1,5,13,0,14,2,14,20,-36,26,13,0,-31,-40,-40,-29,-137,-135,-201,-200,-206,-204,-210,-240,-316,-158,-216,-93,-92,-82,-81,-82,-74,-78,-77,-75,-86,-86,-113,-106,-111,-107,-106,-95,-117,-116,-132,-127,-129,-120,-131,-114,-114,-102,-124,-91,-105,-107,-107,-108,-120,-93,-129,-131,-125,-122,-131,-129,-132,-111,-139,-129,-137,-135,-148,-139,-155,-151,-187,-165,-233,-235,-210,-208,-210,-206,-212,-226,-453,-445,-461,-446,-453,-461,-501,-426,-458,-457,-458,-458,-431,-445,-410,-410,-632,-665,-898,-883,-891,-874,-901,-846,-1092,-744,-757,-1093,-1156,-1180,-1035,-1127,-885,-1008,-1333,-1247,-1254,-1172,-1635,-897,-4141,-4141,-12783,-12783,-29980,-29982]} 1. e4 e6 2. d4 d5 3. Nd2 c5 4. exd5 Qxd5 5. dxc5 Qxc5 6. Ngf3 {C07: French Tarrasch: 3...c5, 4 Ngf3 and 4 exd5 Qxd5} Nf6 7. Bd3 Be7 8. O-O Nbd7 9. a4 {[%cal Ba2a4,Ba4a5,Ba5a6][%mdl 32]} Qc7 10. Nb3 {LiveBook: 11 Games} b6 11. a5 Bb7 12. a6 $146 ({Predecessor:} 12. axb6 axb6 13. Rxa8+ Bxa8 14. Qe2 O-O 15. Bd2 {0-1 (34) Rogic,D (2581)-Palac,M (2583) Stari Mikanovci 2011}) 12... Bd5 13. Nbd4 Rd8 14. Qe2 O-O 15. c4 (15. Re1 $11) 15... Ba8 ({Black should try} 15... Bxf3 $1 $15 16. Nxf3 Bd6) 16. Nb5 $11 Qb8 $1 17. Nfd4 Nc5 18. Bc2 {[#]} Nxa6 $1 {[%mdl 512]} 19. Be3 (19. Rxa6 $11 {keeps the balance.} Qb7 20. Nc6 Qxa6 21. Nxd8 (21. Nxe7+ Kh8 $11) 21... Rxd8 22. Nc7) 19... Rd7 $17 20. f3 (20. Ba4 $17) 20... Nb4 $19 21. Ba4 Bc5 22. Rad1 Rfd8 23. Qf2 Qc8 ({Black should play} 23... Qe5 $19 {...a6 is the strong threat.} 24. Rfe1 a6) 24. Nc3 {[#]} (24. Na3 $17) 24... Nc6 (24... Rxd4 $1 $19 {[%mdl 512] has better winning chances.} 25. Rxd4 (25. Bxd4 $2 {is the wrong capture.} Rxd4 26. Rxd4 e5 $19) 25... Bxd4 26. Bxd4 Nd3) 25. Nxc6 $17 Bxc6 26. Bxc5 bxc5 27. Rxd7 Bxd7 28. Bc2 Be8 29. Rd1 Rxd1+ 30. Bxd1 h6 31. Qe3 Qc7 32. Bc2 Qd6 33. Ne2 Bc6 34. Nc3 Nd7 35. b3 a5 36. Ne2 Bb7 37. Qc3 Qc7 38. Qd3 Nf6 39. Nc3 Bc6 40. Qe3 Qd6 41. Ne2 Bd7 42. Nc3 Qd4 43. Kf2 Kf8 44. Ne2 Qxe3+ 45. Kxe3 {[%mdl 4096] Endgame KBN-KBN} Ke7 46. Nc3 Kd6 47. g3 Bc6 48. Bd1 Nd7 49. f4 f5 50. g4 Nf6 51. h3 (51. gxf5 $142 exf5 52. Be2) 51... Bg2 $19 52. gxf5 Bxh3 ({Don't play} 52... exf5 53. h4 $17) 53. fxe6 Bxe6 ({Don't take} 53... Kxe6 54. Na4) 54. Bf3 Bf5 55. Kd2 $2 (55. Nb5+ Kd7 56. Na7) 55... h5 {[%cal Bh6h5,Bh5h4,Bh4h3,Bh3h2][%mdl 32]} 56. Nb5+ Kd7 57. Nc3 h4 58. Ke3 Ke6 59. Bd1 g6 60. Na4 Kd6 61. Nc3 Nh5 62. Bf3 h3 63. Nd5 (63. Nb5+ $142 Kd7 64. Nc3) 63... h2 64. Kf2 Bc2 65. Kg2 Bxb3 66. f5 Bxc4 67. Ne3 Bf7 68. fxg6 Nf4+ 69. Kxh2 Nxg6 70. Bd1 Ke5 71. Kg3 Kd4 72. Kf2 Ne5 73. Nf5+ Kc3 74. Nd6 Bd5 75. Nb5+ Kd2 76. Ba4 Bc6 77. Kg3 Bxb5 {Precision: White = 39%, Black = 69%.} 0-1

[Event "FIDE WCC 2018"]
[Site "Khanty-Mansiysk"]
[Date "2018.11.16"]
[Round "5.2"]
[White "Ju, Wenjun"]
[Black "Kosteniuk, Alexandra"]
[Result "1/2-1/2"]
[WhiteElo "2568"]
[BlackElo "2543"]
[Annotator "TA"]
[PlyCount "144"]
[EventDate "2018.11.03"]
[EventType "k.o."]
[EventCountry "RUS"]
[SourceTitle "playchess.com"]
[Source "ChessBase"]
[SourceQuality "1"]

{[%evp 14,144,21,23,24,18,21,14,10,7,19,-2,31,16,69,59,71,8,80,74,77,70,91,67,72,1,70,0,65,61,70,74,78,74,70,64,76,60,80,72,111,120,123,101,118,123,160,112,155,0,146,0,216,185,247,137,216,154,156,124,179,114,102,107,161,189,180,44,48,51,42,54,39,44,39,7,22,0,0,0,46,22,24,23,20,27,25,0,0,0,0,-9,-8,-9,0,0,0,0,0,0,0,-17,0,0,0,0,0,0,7,0,0,0,0,0,0,0,0,0,0,0,0,0,0,0,0,0,0,0,0,0,0,0,0]} 1. d4 Nf6 2. c4 c5 3. Nf3 cxd4 4. Nxd4 b6 5. Nc3 Bb7 6. f3 Nc6 7. e4 e6 8. Be3 Bb4 {A31: Symmetrical English: 2 Nf3 Nf6 3 d4} 9. Be2 O-O 10. O-O Qb8 11. Nxc6 $146 ({Predecessor:} 11. Rc1 Bd6 12. f4 Nxd4 13. Qxd4 e5 14. Qd2 Bb4 15. fxe5 Qxe5 16. Bd4 {½-½ (16) Vallejo Pons,F (2554)-Comas Fabrego,L (2516) Mondariz 2000}) 11... Bxc6 12. Qd3 a6 13. a3 Bd6 (13... Be7 $11) 14. f4 $14 {Hoping for e5.} Bc7 15. Rad1 (15. a4 $16) 15... Qb7 (15... e5 $11 {remains equal.}) 16. Bf3 $1 $16 d6 17. a4 Rad8 18. Qc2 Rc8 19. Rd2 (19. Rf2 $16) 19... Bb8 (19... b5 $1 $11) 20. Qb1 (20. Rfd1 $14) 20... Qc7 (20... b5 $1 $11) 21. Rc1 Bb7 22. b3 Nd7 23. g3 Rfd8 24. Bg2 Nf6 25. h3 Rd7 26. Rcd1 Rcd8 27. Qd3 Bc6 28. Qe2 Ba7 29. Kh2 Ne8 30. Qf2 Rb8 31. Qe2 $2 (31. e5 $16) 31... Rdd8 (31... Rbd8 $1 $11) 32. Qf2 (32. f5 $16) 32... Rdc8 $2 (32... Rd7 $1 $11 {and Black stays safe.}) 33. f5 $18 Rb7 (33... Rd8 $142 34. e5 (34. fxe6 fxe6 35. Na2 a5 $16) 34... Bxg2) 34. Bd4 (34. b4 $18) 34... Bb8 (34... Qe7 $16 {was necessary.} 35. Bf3 h6 36. fxe6 fxe6) 35. Rc2 Qe7 36. Re1 Qd8 (36... e5 $16) 37. Rf1 (37. b4 $18) 37... e5 $16 38. Be3 b5 {[#]} (38... Nf6 $16) 39. cxb5 $1 $18 axb5 {[#]} 40. Rfc1 ({Don't take} 40. Nxb5 $6 Bxb5 41. axb5 Rxb5 $14) (40. a5 $1 $18) 40... bxa4 $14 41. bxa4 Bc7 42. Bf1 {And now Ba6 would win.} Ra8 43. Bb5 Bxb5 44. Nxb5 Qd7 ({Don't go for} 44... Rxa4 $2 45. Nxc7 Rxc7 46. Rxc7 $18) 45. Rc4 Bd8 46. Qc2 g6 47. fxg6 hxg6 48. Rc8 Ra6 49. Qc4 {Qd5 is the strong threat.} Kg7 50. Rc2 Nf6 {The position is equal.} 51. Nc3 {Threatens to win with Rxd8.} Ra5 {aiming for ...Bc7.} 52. Qc6 $132 {[%mdl 2048] White is not holding back} Qxc6 53. Rxc6 d5 (53... Ra8 {with more complications.} 54. Bg5 Ng4+ 55. hxg4 Bxg5 56. Ra2 Rba7) 54. exd5 Nxd5 55. Nxd5 Rxd5 56. R6c5 Rxc5 57. Bxc5 $11 {[%mdl 4096] Endgame KRB-KRB} e4 (57... Kf6 {looks sharper.} 58. Kg2 Ke6 59. Bf2 e4 60. g4 f5) 58. Bd4+ Bf6 (58... Kf8 {feels hotter.} 59. Ra2 Ba5 60. Bf6 Rb3 61. Rc2 Ke8) 59. Bxf6+ Kxf6 {KR-KR} 60. a5 Ra7 61. Ra2 Ra6 62. Kg2 Ke5 63. Kf2 g5 64. g4 Kf4 65. Ra4 f6 66. Ra2 f5 67. gxf5 Kxf5 68. Ra4 Kf4 69. Ra3 Ke5 70. Ra4 Kf5 71. Ra2 Kf4 72. Ra3 Ke5 {Accuracy: White = 53%, Black = 45%.} 1/2-1/2

[Event "FIDE WCC 2018"]
[Site "Khanty-Mansiysk"]
[Date "2018.11.16"]
[Round "5.2"]
[White "Lagno, Kateryna"]
[Black "Muzychuk, Mariya"]
[Result "1/2-1/2"]
[WhiteElo "2556"]
[BlackElo "2545"]
[Annotator "TA"]
[PlyCount "106"]
[EventDate "2018.11.03"]
[EventType "k.o."]
[EventCountry "RUS"]
[SourceTitle "playchess.com"]
[Source "ChessBase"]
[SourceQuality "1"]

{[%evp 19,106,37,33,-14,-19,-10,28,20,16,22,27,6,3,10,20,17,22,0,0,1,9,7,51,47,51,51,51,45,55,53,54,61,54,54,73,44,70,47,57,47,50,46,69,51,82,80,73,75,73,56,73,73,78,74,70,49,56,49,52,37,39,37,38,22,35,26,17,20,15,0,0,0,0,0,0,0,0,0,0,0,0,0,0,0,0,0,0,0,0]} 1. e4 e5 2. Nf3 Nc6 3. Bb5 a6 4. Ba4 Nf6 5. O-O Nxe4 6. d4 b5 7. Bb3 d5 8. dxe5 Be6 9. Nbd2 Be7 10. c3 Nc5 11. Nd4 {C83: Open Ruy Lopez: 9 c3 Be7} (11. Bc2 d4 12. Nb3 d3 13. Bb1 Nxb3 14. axb3 Bf5 15. Be3 O-O 16. Bd4 Qd5 17. Re1 d2 18. Re2 Bxb1 19. Rxb1 Nxd4 20. Nxd4 {1-0 (64) Caruana,F (2827)-Mamedyarov,S (2820) Batumi 2018}) 11... Nxe5 12. Bc2 {[#] Hoping for b4.} Bg4 13. Qe1 $146 {White has an edge.} ({Predecessor:} 13. f3 Bd7 14. b4 Ne6 15. N2b3 Nc6 16. Nf5 Bf6 17. Qxd5 Bxc3 18. Bd2 Bxa1 19. Rxa1 {0-1 (29) Semenov,V (2246)-Stushkin,I RCCA corr 2002}) 13... Ned3 14. Qe3 Nxc1 15. Rfxc1 Bd7 16. Re1 Ne6 17. Qe5 O-O 18. Qxd5 (18. Nf5 {feels hotter.} Bf6 19. Qxd5 Nf4 20. Qe4 Ng6 21. Nf3) 18... Nxd4 19. Qxd4 $40 {[%mdl 128] Threatens to win with Qe4. White is up to no good.} Be6 20. Nf3 (20. Nb3 {is more complex.} Bxb3 21. Qxd8 Rfxd8 22. axb3 Bf6 23. Be4) 20... Qxd4 21. Nxd4 Bc5 22. Nxe6 fxe6 23. Re2 e5 24. Rd1 Bd6 25. g3 g6 26. Kg2 Kg7 27. a4 Kf6 28. Rd5 Rab8 29. b4 Rfd8 30. Bb3 g5 31. Re4 Rf8 32. h4 h6 33. Bc2 Ke6 34. Rd1 (34. Rd2 {seems wilder.} Rbd8 35. Bb3+ Kf5 36. Rd1 c5 37. hxg5 hxg5 38. Re3) 34... c5 35. hxg5 hxg5 36. axb5 axb5 37. bxc5 Bxc5 38. Bb3+ Kf5 39. Rde1 Bd6 40. Bc2 {Black must now prevent Rxe5+.} Kf6 41. Rd1 Ke7 42. Rg4 Bc5 43. f3 {The position is equal.} Kf6 44. f4 gxf4 {Strongly threatening ...Rg8.} 45. Rd5 Rbd8 46. Rxc5 Rd2+ {[%mdl 64] [#] Double Attack} 47. Kf3 Rxc2 48. gxf4 exf4 $11 {KRR-KRR} 49. Rc6+ Ke7 50. Rg7+ Kd8 51. Rd6+ Kc8 52. Rc6+ Kd8 53. Rd6+ Kc8 {Accuracy: White = 59%, Black = 63%.} 1/2-1/2

[Event "FIDE WCC 2018"]
[Site "Khanty-Mansiysk"]
[Date "2018.11.17"]
[Round "5.3"]
[White "Lagno, Kateryna"]
[Black "Muzychuk, Mariya"]
[Result "1-0"]
[WhiteElo "2556"]
[BlackElo "2545"]
[Annotator "TA"]
[PlyCount "123"]
[EventDate "2018.11.03"]
[EventType "k.o."]
[EventCountry "RUS"]
[SourceTitle "playchess.com"]
[Source "ChessBase"]
[SourceQuality "1"]

{[%evp 29,123,0,0,0,0,0,0,0,0,0,0,0,0,0,0,0,0,0,0,0,0,0,0,-35,0,0,0,0,0,-49,-45,-44,-36,-48,-48,-50,-48,-62,-62,-59,-59,-64,-51,-50,50,50,50,50,50,50,277,50,57,2,2,2,75,45,75,75,1027,1109,1014,534,5414,5081,4980,2170,4468,3971,2499,1913,2495,2117,5398,3966,29973,29974,29974,29974,29975,29976,29976,29977,29981,29982,29982,29983,29983,29984,29984,29985,29986,29987,29989,29988]} 1. e4 e5 2. Nf3 Nc6 3. Bb5 {[%cal Bf1b5,Bb5a4,Ba4b3][%mdl 32]} a6 4. Ba4 Nf6 5. O-O Nxe4 6. d4 Be7 7. Re1 b5 8. Bb3 d5 9. dxe5 Be6 10. c3 O-O 11. Nbd2 Nc5 12. Nd4 {C83: Open Ruy Lopez: 9 c3 Be7} Nxd4 13. cxd4 Nd3 14. Re3 Nxc1 (14... Nf4 15. Nf3 Bg4 16. h3 Bh5 17. Rc3 Ne6 18. g4 Bg6 19. Be3 a5 {0-1 (40) Vachier Lagrave,M (2789)-Anand,V (2760) Stavanger 2018}) 15. Rxc1 a5 {LiveBook: 5 Games} 16. Rec3 Rc8 17. Nf3 a4 18. Bc2 {[#]} Bb4 $146 ({Predecessor:} 18... g6 19. Bd3 b4 {½-½ (40) Svetushkin,D (2562)-Erdos,V (2585) Calimanesti Caciulata 2016}) 19. Rc6 Bd7 20. Qd3 {[%csl Gc2][%cal Rd3h7] [#]} g6 21. Qxb5 Bxc6 22. Qxc6 a3 23. bxa3 Bxa3 24. Rb1 Rb8 25. Rxb8 Qxb8 26. Bb3 Qb6 27. Qxd5 c5 28. h4 (28. g3 {keeps more tension.} cxd4 29. Nxd4 Qd8 30. Qc4 Qb6 31. Nf3) 28... cxd4 29. Qxd4 Qxd4 30. Nxd4 $11 {[%mdl 4096] Endgame KRB-KBN} Rc8 31. Nc2 Bc5 {[%mdl 1024] Black has compensation.} 32. e6 f5 33. Kf1 Kg7 34. Ke2 Kf6 35. Ne1 Rd8 36. Nd3 Rxd3 ({Black should try} 36... Bd4 $15) 37. Kxd3 $14 Bxf2 $15 {KB-KB} 38. h5 gxh5 39. a4 Be1 $2 ({Black should play} 39... Ke7 $14) 40. Bd5 $2 (40. Kd4 $18) 40... h4 41. Ke2 ({Better is} 41. Kc4 $14) 41... Ba5 $11 42. Bb3 Bb4 (42... Bc7 $11 {remains equal.}) 43. Ke3 h6 44. Kd4 Be1 $2 {[%mdl 8192]} (44... f4 $16) 45. Kd5 $18 Bb4 46. Bd1 h3 47. gxh3 f4 48. Bg4 (48. Be2 $142 Ke7 49. Ke5) 48... Ke7 49. Ke5 Bd2 50. Kf5 Kf8 51. h4 {[%cal Bh3h4,Bh4h5][%mdl 32]} Ke7 52. h5 f3 53. Bxf3 {White mates.} Bc3 54. Bg4 Bb4 55. Ke5 Kd8 56. Kd5 Kc7 {[#]} 57. a5 $1 {[%cal Ba4a5,Ba5a6][%mdl 32]} Kb7 (57... Bxa5 58. e7) 58. Be2 Kc7 59. a6 Be7 60. Ke5 Bc5 61. Kf6 Kd8 62. Kf7 {Accuracy: White = 75%, Black = 35%.} 1-0

[Event "FIDE WCC 2018"]
[Site "Khanty-Mansiysk"]
[Date "2018.11.17"]
[Round "5.4"]
[White "Muzychuk, Mariya"]
[Black "Lagno, Kateryna"]
[Result "0-1"]
[WhiteElo "2545"]
[BlackElo "2556"]
[Annotator "TA"]
[PlyCount "56"]
[EventDate "2018.11.03"]
[EventType "k.o."]
[EventCountry "RUS"]
[SourceTitle "playchess.com"]
[Source "ChessBase"]
[SourceQuality "1"]

{[%evp 12,56,12,14,16,14,32,34,35,30,33,31,38,42,46,27,17,0,0,0,0,-32,-22,-42,-47,-463,-470,-668,-650,-884,-882,-839,-828,-1141,-1052,-1120,-1058,-2740,-2509,-29987,-29987,-29988,-29989,-29990,-29991,-29991,-29992]} 1. e4 e5 2. Nf3 Nc6 3. Bb5 Nf6 4. d3 Bc5 5. Bxc6 dxc6 6. Bg5 {[%cal Bc1g5,Bg5h4,Bh4g3][%mdl 32] C65: Ruy Lopez: Berlin Defence (3...Nf6), unusual lines and 4 0-0 Bc5} (6. Nbd2 Be6 7. O-O Nd7 8. Nb3 Bb6 9. Ng5 Bxb3 10. axb3 f6 11. Nf3 Nf8 12. Nd2 Qd7 13. Nc4 Ne6 {½-½ (54) Saric,I (2689)-Caruana,F (2827) Batumi 2018}) 6... h6 7. Bh4 {LiveBook: 4 Games} Qe7 8. Nbd2 {The position is equal.} Bg4 9. h3 Bxf3 $146 ({Predecessor:} 9... Bh5 10. g4 Bg6 11. Nc4 Bd6 12. Bg3 O-O-O 13. Qe2 Nd7 {1-0 (25) Blomqvist,E (2494)-Berntsson,J (1922) Gothenburg 2018}) 10. Qxf3 g5 11. Bg3 O-O-O 12. Nc4 Nd7 {[%cal Bf6d7,Bd7b6,Bb6a4,Ba4c3][%mdl 32]} 13. Qf5 {[%cal Rg3e5]} f6 14. h4 b5 $36 {[%mdl 2048] Black has some pressure.} 15. Nd2 $1 Kb7 16. O-O-O a5 17. Nf3 Nb6 18. Nh2 $2 {[%mdl 8192] [#]} (18. Ng1 $15) 18... Na4 $1 $19 19. hxg5 (19. Kd2 $142 Nxb2 20. Rb1) 19... Bd4 20. Kd2 Qb4+ 21. Ke2 Qxb2 22. gxf6 Nc3+ 23. Kf3 Nxd1 24. Ng4 Qxc2 25. Nxe5 Bxe5 {Black mates.} 26. Qxe5 Rxd3+ 27. Kg4 Nxf2+ {[%mdl 64] [#] Double Attack} 28. Kf5 Rxg3 {Accuracy: White = 38%, Black = 77%.} 0-1